Quick Pick: Avengers: Endgame Actors Quiz Stats

 Plays Quiz Updated Jun 7, 2019

Score 0/12 Timer 01:00
3 Plays Today
% Correct
Robert Downey Jr.
97.6%
Chris Evans
96.6%
Scarlett Johansson
96%
Chris Hemsworth
95.5%
Mark Ruffalo
93.4%
Brie Larson
90.4%
Jeremy Renner
88.1%
Josh Brolin
87.2%
Paul Rudd
85.7%
Gwyneth Paltrow
85.1%
Jon Favreau
64.3%
Rene Russo
42.3%

Today's Daily Dose

Missing Word
Banned Books (A-Z)

Word Ladder
Janis Joplin

Get the Picture
Occupations

You're not logged in!

Compare scores with friends on all Sporcle quizzes.
OR
Log In

Sporcle TV

Today on Sporcle TV


Watch our educational content, quiz creation guides, and fun videos on Sporcle TV.

Show Comments

Extras

Top Quizzes Today


Score Distribution

Your Account Isn't Verified!

In order to create a playlist on Sporcle, you need to verify the email address you used during registration. Go to your Sporcle Settings to finish the process.

Report this User

Report this user for behavior that violates our Community Guidelines.

Details: